[Event "CAN-ch U18"]
[Site "Sault Ste Marie"]
[Date "2017.07.06"]
[Round "2.7"]
[White "Shi, Diwen"]
[Black "Petersen, Caleb"]
[Result "1/2-1/2"]
[WhiteElo "2287"]
[BlackElo "2107"]
[PlyCount "42"]
[EventDate "2017.07.06"]
[EventType "swiss"]
[EventRounds "7"]
[EventCountry "CAN"]
[SourceTitle "EXT 2022"]
[Source "ChessBase"]
[SourceDate "2021.10.06"]
[SourceVersion "1"]
[SourceVersionDate "2021.10.06"]
[SourceQuality "1"]

1. Nc3 d5 2. e4 d4 3. Nce2 c5 4. Nf3 Nf6 5. Ng3 Nc6 6. Bb5 Qb6 7. a4 a6 8. Bxc6+ Qxc6 9. d3 Bg4 10. h3 Bxf3 11. Qxf3 Nd7 12. 0-0 g6 13. Bg5 Bg7 14. b3 b5 15. axb5 axb5 16. Qe2 e5 17. Bd2 0-0 18. f4 exf4 19. Bxf4 Ne5 20. Qd2 Rxa1 21. Rxa1 Ra8 1/2-1/2

[Event "Wch U16"]
[Site "Khanty-Mansiysk"]
[Date "2016.10.02"]
[Round "10"]
[White "Petersen, Caleb"]
[Black "D'Avino, Gianfranco"]
[Result "1/2-1/2"]
[WhiteElo "1884"]
[BlackElo "2085"]
[PlyCount "70"]
[EventDate "2016.09.22"]
[EventType "swiss"]
[EventRounds "11"]
[EventCountry "RUS"]
[SourceTitle "EXT 2017"]
[Source "ChessBase"]
[SourceDate "2016.10.25"]
[SourceVersion "1"]
[SourceVersionDate "2016.10.25"]
[SourceQuality "1"]

1. e4 e6 2. d4 d5 3. Nc3 Bb4 4. e5 c5 5. a3 Bxc3+ 6. bxc3 Ne7 7. Qg4 Qc7 8. Bd3 cxd4 9. Ne2 Nbc6 10. Bf4 Ng6 11. Bg3 dxc3 12. f4 Bd7 13. 0-0 0-0-0 14. Rab1 f5 15. exf6 e5 16. Bf5 gxf6 17. Nxc3 Nd4 18. Bxd7+ Qxd7 19. Qxd7+ Rxd7 20. fxe5 fxe5 21. Rf2 e4 22. Rd2 Nf5 23. Rxd5 Rxd5 24. Nxd5 Rd8 25. Rd1 Nxg3 26. hxg3 Ne5 27. Kf2 Nc4 28. a4 Rd6 29. Rd4 Nb2 30. Ke3 Nxa4 31. Ne7+ Kd7 32. Rxa4 Kxe7 33. Rxa7 Rb6 34. Ra4 Rc6 35. Rxe4+ Kf6 1/2-1/2

[Event "CAN-ch U16"]
[Site "Windsor"]
[Date "2016.07.07"]
[Round "5.9"]
[White "Fellah, Mohamed"]
[Black "Petersen, Caleb"]
[Result "0-1"]
[WhiteElo "2021"]
[BlackElo "2113"]
[PlyCount "72"]
[EventDate "2016.07.05"]
[EventType "swiss"]
[EventRounds "7"]
[EventCountry "CAN"]
[SourceTitle "EXT 2022"]
[Source "ChessBase"]
[SourceDate "2021.10.06"]
[SourceVersion "1"]
[SourceVersionDate "2021.10.06"]
[SourceQuality "1"]

1. e4 c5 2. Nf3 d6 3. d4 cxd4 4. Nxd4 Nf6 5. Nc3 a6 6. Be3 e6 7. f3 b5 8. Qd2 Nbd7 9. g4 h6 10. 0-0-0 b4 11. Nce2 Qc7 12. h4 d5 13. Bf4 Bd6 14. Bxd6 Qxd6 15. exd5 Nxd5 16. f4 Bb7 17. Bg2 N7b6 18. Rhf1 Rc8 19. f5 e5 20. f6 gxf6 21. Nf5 Qc7 22. Bxd5 Bxd5 23. Kb1 a5 24. Neg3 Rd8 25. Nh5 Bxa2+ 26. Kxa2 Rxd2 27. Rxd2 Nd7 28. Rfd1 0-0 29. Rxd7 Qxc2 30. Nxf6+ Kh8 31. Rd8 Qc5 32. Rxf8+ Qxf8 33. Rd7 Qc8 34. Kb3 e4 35. Re7 h5 36. Rxf7 Qe6+ 0-1

[Event "CAN-ch U16"]
[Site "Windsor"]
[Date "2016.07.05"]
[Round "1.13"]
[White "Robertson, Kole"]
[Black "Petersen, Caleb"]
[Result "0-1"]
[WhiteElo "1325"]
[BlackElo "2113"]
[PlyCount "68"]
[EventDate "2016.07.05"]
[EventType "swiss"]
[EventRounds "7"]
[EventCountry "CAN"]
[SourceTitle "EXT 2022"]
[Source "ChessBase"]
[SourceDate "2021.10.06"]
[SourceVersion "1"]
[SourceVersionDate "2021.10.06"]
[SourceQuality "1"]

1. d4 Nf6 2. Nf3 e6 3. e3 b6 4. Bd3 Bb7 5. Nbd2 c5 6. c4 Be7 7. 0-0 0-0 8. Re1 d6 9. b3 Nbd7 10. Bb2 Qc7 11. Rc1 Rac8 12. Qc2 h6 13. e4 cxd4 14. Nxd4 a6 15. f4 Rfd8 16. f5 e5 17. Ne2 b5 18. Nc3 Qb6+ 19. Kh1 Ng4 20. Nd1 Bg5 21. Rb1 Ndf6 22. Nf1 Nh5 23. Qe2 Nf4 24. Qxg4 Nxd3 25. Re2 bxc4 26. bxc4 Rxc4 27. h4 Bf6 28. Bxe5 Nxe5 29. Rxb6 Nxg4 30. Rxb7 Rc1 31. Rd2 Rxd1 32. Rxd1 Nf2+ 33. Kg1 Nxd1 34. Ra7 Bd4+ 0-1

[Event "CAN-ch U16"]
[Site "Windsor"]
[Date "2015.07.09"]
[Round "7.10"]
[White "Colvin, Andrew"]
[Black "Petersen, Caleb"]
[Result "0-1"]
[WhiteElo "1553"]
[BlackElo "1898"]
[PlyCount "72"]
[EventDate "2015.07.06"]
[EventType "swiss"]
[EventRounds "7"]
[EventCountry "CAN"]
[SourceTitle "EXT 2022"]
[Source "ChessBase"]
[SourceDate "2021.10.06"]
[SourceVersion "1"]
[SourceVersionDate "2021.10.06"]
[SourceQuality "1"]

1. c4 c5 2. Nc3 Nf6 3. g3 e6 4. Nf3 b6 5. Bg2 Bb7 6. 0-0 Be7 7. b3 0-0 8. Bb2 d6 9. Re1 Nbd7 10. d4 cxd4 11. Qxd4 a6 12. Rad1 Qc7 13. e4 Rfd8 14. h3 Bc6 15. Qe3 Qb7 16. Nd4 e5 17. Nxc6 Qxc6 18. Nd5 Bf8 19. f4 b5 20. Rc1 Qb7 21. g4 Nxd5 22. cxd5 exf4 23. Qxf4 Nc5 24. Rxc5 dxc5 25. e5 Qb6 26. d6 Ra7 27. Bd5 Qb8 28. b4 cxb4 29. Bd4 Rad7 30. Bc6 Rxd6 31. exd6 Bxd6 32. Qg5 Bf8 33. Qe5 Qc8 34. Bd5 Qd7 35. Bb6 Qxd5 36. Bxd8 Bc5+ 0-1

[Event "CAN-ch U16"]
[Site "Windsor"]
[Date "2015.07.07"]
[Round "2.8"]
[White "Petersen, Caleb"]
[Black "Doknjas, John"]
[Result "0-1"]
[WhiteElo "1898"]
[BlackElo "2316"]
[PlyCount "68"]
[EventDate "2015.07.06"]
[EventType "swiss"]
[EventRounds "7"]
[EventCountry "CAN"]
[SourceTitle "EXT 2022"]
[Source "ChessBase"]
[SourceDate "2021.10.06"]
[SourceVersion "1"]
[SourceVersionDate "2021.10.06"]
[SourceQuality "1"]

1. e4 c5 2. d4 cxd4 3. c3 dxc3 4. Nxc3 Nc6 5. Nf3 d6 6. Bc4 a6 7. 0-0 Nf6 8. h3 e6 9. Qe2 Be7 10. Rd1 Qc7 11. Bf4 Ne5 12. Bb3 0-0 13. Rac1 Qb8 14. Nd4 Bd7 15. Bg3 b5 16. f4 Nc4 17. Bxc4 bxc4 18. Nf3 Qb7 19. Qxc4 Qxb2 20. Rb1 Qa3 21. Rb3 Qa5 22. Bf2 Rab8 23. Rdb1 Rxb3 24. Qxb3 Rc8 25. Bd4 Bc6 26. Ng5 d5 27. a4 Bc5 28. Bxc5 Qxc5+ 29. Kh1 d4 30. Ne2 Bxe4 31. Nxe6 fxe6 32. Qxe6+ Kh8 33. Rd1 d3 34. Ng3 Bxg2+ 0-1

[Event "CAN-ch U16"]
[Site "Windsor"]
[Date "2015.07.06"]
[Round "1.18"]
[White "Mainville, Yanic"]
[Black "Petersen, Caleb"]
[Result "0-1"]
[WhiteElo "1083"]
[BlackElo "1898"]
[PlyCount "98"]
[EventDate "2015.07.06"]
[EventType "swiss"]
[EventRounds "7"]
[EventCountry "CAN"]
[SourceTitle "EXT 2022"]
[Source "ChessBase"]
[SourceDate "2021.10.06"]
[SourceVersion "1"]
[SourceVersionDate "2021.10.06"]
[SourceQuality "1"]

1. e4 c5 2. Nf3 d6 3. d4 cxd4 4. Nxd4 Nf6 5. Nc3 a6 6. Bg5 Nbd7 7. Bd3 Qb6 8. Nf3 Qxb2 9. Nd5 Nxd5 10. exd5 Qc3+ 11. Bd2 Qc7 12. 0-0 g6 13. Qc1 Bg7 14. Bh6 Bxa1 15. Qxa1 Rg8 16. Ng5 Nf6 17. Re1 Ng4 18. Bg7 Ne5 19. Bxe5 dxe5 20. Rxe5 f6 21. Ne6 Qxe5 22. Qxe5 fxe5 23. Nc7+ Kd8 24. Nxa8 Bf5 25. Bxf5 gxf5 26. Nb6 Rg4 27. Kf1 Rb4 28. Na8 Kc8 29. a3 Rb1+ 30. Ke2 Kb8 31. c4 Kxa8 32. c5 Rc1 33. d6 exd6 34. cxd6 Kb8 35. Kd2 Ra1 36. d7 Kc7 37. Kc2 Rxa3 38. Kb2 Rd3 39. Kc2 e4 40. f3 Kxd7 41. fxe4 fxe4 42. g4 Rd6 43. g5 e3 44. g6 hxg6 45. h4 e2 46. h5 e1Q 47. h6 Qe3 48. h7 Rd2+ 49. Kc1 Qe1# 0-1